000 00234 a2200109 4500
001 51308
040 _cAnchieta - Pituba
240 1 0 _aGincana 2015
_l
245 1 0 _aGincana 2015
650 4 _aLĂ­nguas espanhola e portuguesa
942 _cMX
999 _c51308
_d51308